000
00344nam a2200145Ia 4500
008
191201s2007 xx 000 0 und d
082
_a
621.38043GHS
100
_a
GHOSH, Samarjit
245
0
_a
Signals and Systems
250
_a
1st
260
_a
N.Delhi
_b
Pearson Education
_c
2007
300
_a
474
650
_a
B.Tech(ECE)
942
_2
ddc
_c
BK
999
_c
3211
_d
3211